000 00582nam a2200253Ia 4500
005 20260121153813.0
008 008 260114s9999 xx 000 0 eng d
020 _a9781315086415
037 _aEBOOK
040 _aCRL
040 _beng
040 _cCRL
041 _2eng
041 _aeng
084 _qCRL
100 _aSusan J. Buck
_9999329
245 4 _aThe Global Commons
260 _bTaylor and Francis
260 _c1998
856 _uhttp://www.taylorfrancis.com/books/9781315086415
942 _cEBOOK
999 _c1566150
_d1566150